[Event "Solingen op-B"]
[Site "Solingen"]
[Date "2005.05.29"]
[Round "7"]
[White "Borgmann, Daniel"]
[Black "Bader, Arnd"]
[Result "0-1"]
[WhiteElo "1596"]
[BlackElo "1900"]
[PlyCount "76"]
[EventDate "2005.05.26"]
[EventType "swiss"]
[EventRounds "7"]
[EventCountry "GER"]
[SourceTitle "EXT 2006"]
[Source "ChessBase"]
[SourceDate "2005.11.24"]
[SourceVersion "1"]
[SourceVersionDate "2005.11.24"]
[SourceQuality "1"]

1. e4 e6 2. d4 d5 3. Nc3 Bb4 4. e5 c5 5. a3 Bxc3+ 6. bxc3 Ne7 7. Qg4 Qc7 8. Qxg7 Rg8 9. Qxh7 cxd4 10. Qd3 dxc3 11. Nf3 Bd7 12. Bf4 a6 13. Qh7 Nbc6 14. Bg3 0-0-0 15. Qd3 Qa5 16. Be2 Nf5 17. 0-0 Nce7 18. Nd4 Nxd4 19. Qxd4 Nc6 20. Qe3 Ne7 21. Rfb1 Bc6 22. Rb3 d4 23. Qd3 Nf5 24. Bf3 Bxf3 25. Qxf3 Qd5 26. Qxd5 Rxd5 27. Rab1 b5 28. a4 Nxg3 29. fxg3 Rxe5 30. axb5 axb5 31. Rxb5 Rxb5 32. Rxb5 Kc7 33. Rb4 e5 34. Kf2 Kd6 35. Rb6+ Kc5 36. Rf6 d3 37. cxd3 c2 38. Rxf7 Rc8 0-1